Story of the campaigns in the peninsula (Record no. 553367)
[ view plain ]
| 000 -LEADER | |
|---|---|
| fixed length control field | 00689cam a22001931 4500 |
| 082 ## - DEWEY DECIMAL CLASSIFICATION NUMBER | |
| Classification number | 940.27 |
| Author Mark | BRU |
| 100 1# - MAIN ENTRY--PERSONAL NAME | |
| Personal name | Brunker, H. M. E. |
| 9 (RLIN) | 50613 |
| 245 10 - TITLE STATEMENT | |
| Title | Story of the campaigns in the peninsula |
| Remainder of title | for promotion examinations |
| Statement of responsibility, etc. | by Lieut.-Colonel H. M. E. Brunker. |
| 250 ## - EDITION STATEMENT | |
| Edition statement | Part-III |
| 260 ## - PUBLICATION, DISTRIBUTION, ETC. | |
| Place of publication, distribution, etc. | London, |
| Name of publisher, distributor, etc. | F. Groom & co., ltd., |
| Date of publication, distribution, etc. | 1907 |
| 300 ## - PHYSICAL DESCRIPTION | |
| Extent | 99 p; |
| Other physical details | fold. maps, fold. diagrs. |
| Dimensions | 19 cm. |
| 500 ## - GENERAL NOTE | |
| General note | Vol. 1 from July, 1808, to end of 1810. |
| 500 ## - GENERAL NOTE | |
| General note | Vol. 2. From 1811 to the end of 1813. |
| 526 ## - STUDY PROGRAM INFORMATION NOTE | |
| Program name | 0 |
| Interest level | 0 |
| Reading level | 0 |
| Title point value | 940_270000000000000_BRU |
| 526 ## - STUDY PROGRAM INFORMATION NOTE | |
| Program name | 0 |
| Interest level | 0 |
| Reading level | 0 |
| Title point value | 940_270000000000000_BRU |
| 650 #0 - SUBJECT ADDED ENTRY--TOPICAL TERM | |
| Topical term or geographic name entry element | MCE |
| 9 (RLIN) | 379 |
| 650 #0 - SUBJECT ADDED ENTRY--TOPICAL TERM | |
| Topical term or geographic name entry element | Peninsular War, 1807-1814. |
| 9 (RLIN) | 49379 |
| 942 ## - ADDED ENTRY ELEMENTS (KOHA) | |
| Source of classification or shelving scheme | |
| Koha item type | Book |
| Withdrawn status | Lost status | Source of classification or shelving scheme | Damaged status | Not for loan | Permanent Location | Current Location | Shelving location | Date acquired | Total Checkouts | Full call number | Barcode | Date last seen | Price effective from | Koha item type |
|---|---|---|---|---|---|---|---|---|---|---|---|---|---|---|
| Military College of Engineering (MCE) | Military College of Engineering (MCE) | 02/09/2015 | 940.27 BRU | MCE-ECC/62 | 02/09/2015 | 02/09/2015 | Book | |||||||
| Military College of Engineering (MCE) | Military College of Engineering (MCE) | 02/09/2015 | 940.27 BRU | MCE-ECM/65 | 02/09/2015 | 02/09/2015 | Book |
